Bulayo l̲o t̲alifhaho / (Record no. 6602)
[ view plain ]
| 000 -LEADER | |
|---|---|
| fixed length control field | 00601cam a2200217 a 4500 |
| 001 - CONTROL NUMBER | |
| control field | 1419356 |
| 003 - CONTROL NUMBER IDENTIFIER | |
| control field | GZU |
| 005 - DATE AND TIME OF LATEST TRANSACTION | |
| control field | 20210521111304.0 |
| 008 - FIXED-LENGTH DATA ELEMENTS--GENERAL INFORMATION | |
| fixed length control field | 841023s1980 sa 000 1 ven |
| 010 ## - LIBRARY OF CONGRESS CONTROL NUMBER | |
| LC control number | 83232544 |
| 020 ## - INTERNATIONAL STANDARD BOOK NUMBER | |
| International Standard Book Number | 0627010989 |
| 040 ## - CATALOGING SOURCE | |
| Original cataloging agency | DLC |
| Transcribing agency | DLC |
| Modifying agency | DLC |
| 050 00 - LIBRARY OF CONGRESS CALL NUMBER | |
| Classification number | PL8771 MAG 1980 |
| Item number | B8 1980 |
| 100 1# - MAIN ENTRY--PERSONAL NAME | |
| Personal name | Magau, A. W. |
| Fuller form of name | (Aifheli Wilson) |
| 245 10 - TITLE STATEMENT | |
| Title | Bulayo l̲o t̲alifhaho / |
| Statement of responsibility, etc. | A.W. Magau. |
| 260 ## - PUBLICATION, DISTRIBUTION, ETC. | |
| Place of publication, distribution, etc. | Pretoria : |
| Name of publisher, distributor, etc. | Van Schaik, |
| Date of publication, distribution, etc. | 1980. |
| 300 ## - PHYSICAL DESCRIPTION | |
| Extent | 90 p. ; |
| Dimensions | 22 cm. |
| 500 ## - GENERAL NOTE | |
| General note | In Venda. |
| 906 ## - LOCAL DATA ELEMENT F, LDF (RLIN) | |
| a | 7 |
| b | cbc |
| c | orignew |
| d | 2 |
| e | ncip |
| f | 19 |
| g | y-gencatlg |
| 942 ## - ADDED ENTRY ELEMENTS (KOHA) | |
| Source of classification or shelving scheme | Library of Congress Classification |
| Koha item type | Books |
| Classification part | 8771 |
| Item part | MAG |
| Call number prefix | PL |
| Withdrawn status | Lost status | Damaged status | Not for loan | Collection code | Home library | Current library | Shelving location | Date acquired | Total Checkouts | Full call number | Barcode | Date last seen | Copy number | Price effective from | Koha item type | Inventory number |
|---|---|---|---|---|---|---|---|---|---|---|---|---|---|---|---|---|
| Fiction | City Campus Library | City Campus Library | General Stacks | 04/27/2021 | PL8771 MAG 1980 | 010448 | 04/27/2021 | c.1 | 04/27/2021 | Books | ||||||
| Non-fiction | Mashava Campus Library | Mashava Campus Library | General Stacks | 05/21/2021 | PL8771 MAG 1980 | 010451 | 05/21/2021 | c.2 | 05/21/2021 | Books | 14823 | |||||
| Fiction | Mashava Campus Library | Mashava Campus Library | Fiction | 05/21/2021 | PL8771 MAG 1980 | 010452 | 05/21/2021 | C.3 | 05/21/2021 | Books | ||||||
| Fiction | Mashava Campus Library | Mashava Campus Library | Fiction | 05/21/2021 | PL8771 MAG 1980 | 010446 | 05/21/2021 | C.4 | 05/21/2021 | Books | ||||||
| Fiction | Mashava Campus Library | Mashava Campus Library | Fiction | 05/21/2021 | PL8771 MAG 1980 | 010444 | 05/21/2021 | C.5 | 05/21/2021 | Books | ||||||
| Fiction | Mashava Campus Library | Mashava Campus Library | Fiction | 05/21/2021 | PL8771 MAG 1980 | 010363 | 05/21/2021 | C.6 | 05/21/2021 | Books | ||||||
| Fiction | Mashava Campus Library | Mashava Campus Library | Fiction | 05/21/2021 | PL8771 MAG 1980 | 010445 | 05/21/2021 | C.7 | 05/21/2021 | Books | ||||||
| Fiction | Mashava Campus Library | Mashava Campus Library | Fiction | 05/21/2021 | PL8771 MAG 1980 | 010450 | 05/21/2021 | C.8 | 05/21/2021 | Books | ||||||
| Fiction | Mashava Campus Library | Mashava Campus Library | Fiction | 05/21/2021 | PL8771 MAG 1980 | 010449 | 05/21/2021 | C.9 | 05/21/2021 | Books | ||||||
| Fiction | Mashava Campus Library | Mashava Campus Library | Fiction | 05/21/2021 | PL8771 MAG 1980 | 010447 | 05/21/2021 | C.10 | 05/21/2021 | Books |